The Ultimate Dino Quiz - Statistics

General Stats
  • This quiz has been taken 34 times
  • The average score is 21 of 80
Answer Stats
Answer % Correct
Tyrannosaurus Rex
100%
Velociraptor
95%
Spinosaurus
89%
Brachiosaurus
84%
Stegosaurus
84%
Iguanodon
79%
Pterodactyl
79%
Ankylosaurus
74%
Triceratops
74%
Allosaurus
68%
Baryonyx
68%
Dilophosaur
68%
Brontosaurus
63%
Diplodocus
63%
Carnotaurus
58%
Mosasaurus
58%
Gallimimus
53%
Parasaurolophus
47%
Tröodon
47%
Utahraptor
47%
Apatosaurus
37%
Compsognathus
37%
Deinonychus
37%
Pachycephalosaurus
37%
Argentinosaurus
32%
Quetzalcoatlus
32%
Archaeopteryx
26%
Ceratosaurus
26%
Elasmosaurus
26%
Gigantosaurus
26%
Megalosaurus
26%
Oviraptor
26%
Edmontosaurus
21%
Minmi
21%
Ornithomimus
21%
Plesiosaur
21%
Tarbosaurus
21%
Yutyrannus
21%
Mapusaurus
16%
Sarcosuchus
16%
Stygimoloch
16%
Styracosaurus
16%
Amargasaurus
11%
Archaeornithomimus
11%
Eoraptor
11%
Gasosaurus
11%
Gigantoraptor
11%
Nigersaurus
11%
Supersaurus
11%
Dinosuchus
5%
Europasaurus
5%
Kosmoceratops
5%
Kronosaurus
5%
Megaraptor
5%
Micropachycephalosaurus
5%
Nothronychus
5%
Pentasaurus
5%
Protoceratops
5%
Bambiraptor
0%
Chaoyangsaurus
0%
Concaventor
0%
Drinker
0%
Eosinophils
0%
Eotriceratops
0%
Euoprocopholes
0%
Helicoprion
0%
Ichthyosaur
0%
Incisivosaurus
0%
Jeholopterus
0%
Kentosaurus
0%
Kulindadromeus
0%
Megaceratops
0%
Mei
0%
Oryctodromeus
0%
Plasterosaurus
0%
Qianzhousaurus
0%
Rhinorex
0%
Sharovipteryx
0%
Therozinosaur
0%
Urvogel
0%
No matching quizzes found
Score Distribution
Percent of People with Each Score
Percentile by Number Answered
Your Score History
You have not taken this quiz